Como debe orientarse la observacion (Registro nro. 220078)

Detalles MARC
001 - NÚMERO DE CONTROL
campo de control 704467
005 - FECHA Y HORA DE LA ÚLTIMA TRANSACCIÓN
campo de control 20240201164753.0
008 - DATOS DE LONGITUD FIJA--INFORMACIÓN GENERAL
campo de control de longitud fija 011114e19360901 spa
035 ## - NÚMERO DE CONTROL DEL SISTEMA
Número de control de sistema 704467
035 ## - NÚMERO DE CONTROL DEL SISTEMA
Número de control de sistema (OCoLC)819922414
040 ## - FUENTE DE LA CATALOGACIÓN
Centro/agencia transcriptor comduadb
041 ## - CÓDIGO DE LENGUA
Código de lengua del texto/banda sonora o título independiente spa
100 10 - ENTRADA PRINCIPAL--NOMBRE DE PERSONA
Nombre de persona Callejas H., Concha
Código de función aut
Término indicativo de función/relación Autor/a
9 (RLIN) 345615
245 10 - MENCIÓN DE TÍTULO
Título Como debe orientarse la observacion
650 #7 - PUNTO DE ACCESO ADICIONAL DE MATERIA--TÉRMINO DE MATERIA
Término de materia o nombre geográfico como elemento de entrada Pedagogía
Fuente del encabezamiento o término lemb
9 (RLIN) 1626
650 ## - PUNTO DE ACCESO ADICIONAL DE MATERIA--TÉRMINO DE MATERIA
Término de materia o nombre geográfico como elemento de entrada Observación (Método educativo)
9 (RLIN) 85877
650 ## - PUNTO DE ACCESO ADICIONAL DE MATERIA--TÉRMINO DE MATERIA
Término de materia o nombre geográfico como elemento de entrada Centros de interes
9 (RLIN) 24426
773 0# - ENLACE AL DOCUMENTO FUENTE/ENTRADA DE REGISTRO ANFITRIÓN
Título Educación Antioqueña (Medellín)
Parte(s) relacionada(s) Educacion Antioquena (Medellin) Nos. 01-03, Oct.-Dic. 1935 - Vol. 01, Nos. 04-12, Ene.-Dic. 1936, Vol. 01, No. 10-12, Sep.-Nov. 1936/Educacion Antioquena, p. 562-565
Número de control del registro 688141
Número bibliográfico anfitrión 217905
942 ## - ELEMENTOS DE ENTRADA AGREGADA (KOHA)
Tipo de ítem Koha Artículo de Revista

No hay ítems disponibles.